000 00422nam a2200157Ia 4500
008 230917s9999||||xx |||||||||||||| ||und||
020 _cPON25
040 _e19391
_aMAIN
041 _aEnglish
082 _a330.91 B164D
100 _aBairoch, Paul, ed.
245 0 _aDisparities in economic development since the industirial revolution
260 _aLondon
_bMacmillan
_c1981
300 _axviii, 428 p.
942 _cBK
999 _c224839
_d224839